| 000 | 00780nam a2200253u 4500 | ||
|---|---|---|---|
| 001 | 16125 | ||
| 003 | BD-RjUL | ||
| 005 | 20211208235946.0 | ||
| 008 | 140211s1953 nyua 000 0 eng | ||
| 035 | _a(BD-RjUL)16180 | ||
| 040 |
_aDLC _cCarP _dDLC _dBD-RjUL _beng |
||
| 041 | _aeng | ||
| 082 |
_a659.1 _bAME 1953 |
||
| 245 | 1 | 0 |
_aAmerica: miracle at work : _bthe best public interest advertising of 1952 / _cedited by William D. Patterson |
| 260 |
_aNew York : _bPrentice-Hall, _cc1953. |
||
| 300 |
_aVarious pages : _bill. ; _c29 cm. |
||
| 504 | _aIncludes bibliographies. | ||
| 650 | 0 |
_aAdvertising, Public service. _949914 |
|
| 700 | 1 |
_aPatterson, William D. _949915 |
|
| 730 | 0 |
_aSaturday review. _949923 |
|
| 942 |
_2ddc _cBK |
||
| 999 |
_c16125 _d16125 |
||